| 000 | 00587nam a22001457a 4500 | ||
|---|---|---|---|
| 020 | _a0-14-131450-8 | ||
| 082 |
_a823 _bMUR/W |
||
| 100 | _aNURPHY, JILL | ||
| 245 | _aTH WORST WITCH | ||
| 260 |
_aLONDON _bPENGUIN BOOKS _c2001 |
||
| 300 | _a107 | ||
| 520 | _aThe books in the series all focus on Mildred Hubble, a young witch who attends Miss Cackle's Academy for Witches, a school of magic. Although well-intentioned, Mildred's clumsy personality leads the girl to disastrous situations, and she is thus considered the worst student in the school. | ||
| 650 | _aSHORT STORY | ||
| 942 | _cBK | ||
| 999 |
_c6139 _d6139 |
||